000 01437nam a22001337a 4500
008 150612b xxu||||| |||| 00| 0 eng d
082 _a708
_bP 664p
110 _aInstituto IP Capital Partners
_93132
245 _aPIPA
_bPremio IP Capital Partners de Arte
260 _aBrasil
_bIIP
_c2014
300 _a191 p.
_bill. (col)
_c25 cm
500 _aAdriano Motta/Alexandre Brandao/Alexandre Mazza/Alexandre Vogler/Alice Miceli/Aline Dias/Ana Mazzei/Ana Paula Oliveira/Andre Griffo/Andre Santangelo/Arjan Martins/Armando Queiroz/Arthur Scovino/Berna Reale/Beto Shwafaty/Bruno Schultze/Cao Guimaraes/Carla Zaccagnini/Clara Ianni/Cristián Silva-Avaria/Daniel de Paula/Daniel Escobar/Daniel Steegmann Mangrane/Diego de Santos/Eduardo Berliner/Eneida Sanches/Fabia Schnoor/Felipe Prando/Fernanda Quindere/Fernando Mendonca/Gisele Camargo/Ivan Grilo/Laura Vinci/Layla Motta/Lourival Cuquinha/Luiz Roque/Mayana Redin/Maikel da Maia/Marcelo Jácome/Marcone Moreira/Marina Rheingantz/Marina Weffort/Maurício Ianes/Otavio Schipper/Pablo Ferretti/Paulo Nimer Pjot/Renato Pera/Roberto Winter/Rodrigo Bivar/Rodrigo Braga/Rodrigo Cunha/Ronald Duarte/Runo Lagomarsino/Sofia Borges/Tamar Guimarães/Tamara Andrade/Thiago Martins de Melo/Toz/Vanderlei Lopes/Virgílio Neto/Virginia de Medeiros/Vivian Caccuri/Wagner Malta Tavares/Waleska Reuter/Willian Santos/Yana Tamayo/Zezão
650 _xBienal
_xArte Brasil
_xPIPA
_xMuseo de Arte Moderno.
_93133
_zRio de Janeiro
999 _c697
_d697